| 000 | 00554nam a22001697a 4500 | ||
|---|---|---|---|
| 003 | NUST | ||
| 038 | _aNusrat Nadeem | ||
| 082 | _a200 | ||
| 100 |
_aBaloch, Babar Aslam _9124474 |
||
| 245 |
_aNovel Isolation Structures of MIMO Antennas for Mobile Devices/ _cBabar Aslam Baloch, |
||
| 264 |
_aRawalpindi; _bMCS NUST; _c2022. |
||
| 300 |
_a105,p; _bill; _c30,cm. |
||
| 650 |
_aPh.D-Electrical Engineering _9124451 |
||
| 700 |
_aSupervisor:Dr.Adnan Ahmed Khan _9124473 |
||
| 856 | _uhttp://10.250.8.41:8080/xmlui/handle/123456789/31763 | ||
| 942 |
_2ddc _cSC |
||
| 999 |
_c610328 _d610328 |
||